000 00614nam a2200229Ia 4500
005 20250425161153.0
008 250425s9999 xx 000 0 und d
041 _aspa
082 _a333.95615
100 _aSTEVENSON, DAVID
245 0 _aGUIA PARA LA ADMINISTRACION DE LA PESCA EN PEQUEÑA ESCALA: INFORMACION DEL SECTOR PESQUERO
250 _a1A ED.
260 _aEstados Unidos
_bICMRD
_c1986
260 _aKINGSTON
300 _a196
650 _aADMINISTRACION PESQUERA
650 _aPESCA ARTESANAL
700 _aLOGAN, PHILIP
700 _aPOLLNAC, RICHARD
942 _c01
010 _a14271
999 _c203825
_d203825